LEADER 01048nam a2200265 a 4500 001 000000137180 003 CaOOAMICUS 005 20140129102747.0 008 140129s1933 fr u000 u fre r 040 $aPUL$bita 100 1 $aMaritain, Jacques,$d1882-1973.$0(OLS)http://pul/name/868 245 10$aDu règime temporel et de la libertè /$cJacques Maritain. 260 $aParis :$bDesclée de Brouwer et Cie.,$c©1933. 300 $aX, 270 p. ;$c20 cm 490 1 $aQuestions disputées 504 $aBibliografia in nota. 650 4$aLibertà (filosofia).$0(OLS)http://pul/subject/9862 830 0$aQuestions disputées.$0(OLS)http://pul/title/27778 850 $aPUL 852 $aPUL$W1$xDP1 Fondo E. Rossi$y115$m5 A 25$j115194$qFondi$B157645$CPULBib$Z2$F157645 $82 941 1 $a1 961 $aSul dorso collocazione ms. di E. Rossi: Ma 35 1 996 $6245$aDu règime temporel et de la libertè$9(OLS)http://pul/title/173661 996 $6260$aParis :$bDesclée de Brouwer et Cie.$9(OLS)http://pul/publisher/48637 LEADER 01931nam a2200265 a 4500 001 000000106203 003 CaOOAMICUS 005 20070711100406.0 008 070711s1964 fr m 000 0 fre d 040 $aPUL$bita$dLDB 100 1 $aBisson, Paul.$0(OLS)http://pul/name/65207 245 12$aL'acrivité d'un procedur général au Parlament de Paris à la fin de l'Ancien Régime : les Joly de Fleury ; L'influence familiale et sociale sur Armand-Thomas Hue de Miromesnil, premier président du Parlement de Normandie et Garde des Sceaux (1723-1796) /$cpar Paul Bisson. 246 30$aL'influence familiale et sociale sur Armand-Thomas Hue de Miromesnill, premier président du Parlement de Normandie et Garde des Sceaux (1723-1796) 260 $aParis :$bSociété d'Edition d'Enseignement Supérieur$g1964 300 $axii, 333 p. ;$c24 cm 500 $aIn testa al front. : Thèses presentées a la Faculté des Lettres et Sciences humaines de l'Université de Paris. 502 $aDiss. (Doct.)--Université de Paris, [1961]. 504 $aBibliografia : p. i-xii. 651 4$aFrancia$xStoria$yRivoluzione, 1789-1799.$0(OLS)http://pul/subject/5918 850 $aPUL 852 $aPUL$W1$xSL Filosofia 1$y2$m124 C 13$j119314$qStampati$B119178$CPULBib$Z2$F119178 $H25629 $82 941 1 $a8 996 $6245$aL'acrivité d'un procedur général au Parlament de Paris à la fin de l'Ancien Régime : les Joly de Fleury ; L'influence familiale et sociale sur Armand-Thomas Hue de Miromesnil, premier président du Parlement de Normandie et Garde des Sceaux (1723-1796)$9(OLS)http://pul/title/133743 996 $6246$aL'influence familiale et sociale sur Armand-Thomas Hue de Miromesnill, premier président du Parlement de Normandie et Garde des Sceaux (1723-1796)$9(OLS)http://pul/title/133744 996 $6260$aParis :$bSociété d'Edition d'Enseignement Supérieur$9(OLS)http://pul/publisher/72649